|
|
|
|
| LEADER |
00000nam0a2200000 4500 |
| 001 |
163566 |
| 005 |
20251031145940.0 |
| 010 |
|
|
|a 9785911343699
|
| 035 |
|
|
|a (RuTPU)RU\TPU\book\177463
|
| 090 |
|
|
|a 163566
|
| 100 |
|
|
|a 20090819d2009 m y0rusy50 ca
|
| 101 |
0 |
|
|a rus
|
| 102 |
|
|
|a RU
|
| 105 |
|
|
|a y j 001zy
|
| 200 |
1 |
|
|a Комплексная система защиты информации на предприятии
|e учебное пособие для вузов
|f Н. В. Гришина
|
| 210 |
|
|
|a Москва
|c Форум
|d 2009
|
| 215 |
|
|
|a 240 с.
|
| 320 |
|
|
|a Библиогр.: с. 200-205.
|
| 330 |
|
|
|a Рассмотрены основные понятия, определения, положения и методологические подходы к организации комплексной системы защиты информации. Особое внимание уделено проблеме «человеческого фактора». Соответствует требованиям государственного стандарта образовательной программы подготовки специалистов вузов по специальностям 090103 «Организация и технология защиты информации» и 090104 «Комплексная защита объектов информатизации». Для студентов, аспирантов, преподавателей, занимающихся вопросами защиты информации.
|
| 606 |
1 |
|
|a Предприятия
|x Безопасность
|2 stltpush
|3 (RuTPU)RU\TPU\subj\36694
|9 57986
|
| 610 |
1 |
|
|a информация
|
| 610 |
1 |
|
|a защита
|
| 610 |
1 |
|
|a комплексные системы
|
| 610 |
1 |
|
|a проектирование
|
| 610 |
1 |
|
|a безопасность
|
| 610 |
1 |
|
|a требования
|
| 610 |
1 |
|
|a защищаемая информация
|
| 610 |
1 |
|
|a экономическая информация
|
| 610 |
1 |
|
|a несанкционированный доступ
|
| 610 |
1 |
|
|a деловая разведка
|
| 610 |
1 |
|
|a корпорации
|
| 610 |
1 |
|
|a корпоративное поведение
|
| 610 |
1 |
|
|a персонал
|
| 610 |
1 |
|
|a кодекс поведения
|
| 610 |
1 |
|
|a документоведение
|
| 610 |
1 |
|
|a управление
|
| 610 |
1 |
|
|a планирование
|
| 610 |
1 |
|
|a контроль
|
| 610 |
1 |
|
|a чрезвычайные ситуации
|
| 610 |
1 |
|
|a принятие решений
|
| 610 |
1 |
|
|a учебные пособия
|
| 686 |
|
|
|a У9(2)29я73
|2 rubbk
|
| 700 |
|
1 |
|a Гришина
|b Н. В.
|g Наталия Васильевна
|
| 801 |
|
1 |
|a RU
|b 63413507
|c 20090819
|
| 801 |
|
2 |
|a RU
|b 63413507
|c 20220825
|g RCR
|
| 942 |
|
|
|c BK
|